000 00244nam a2200109Ia 4500
005 20251222114348.0
008 251222s1900||||xx |||||||||||||| ||spa||
082 _aDVD0070 R14/1994/Ej.4
245 0 _aEl cartero
264 _bMiramax
942 _cDVD
999 _c1112
_d1112